Dates pour le Brevet d'histoire - Statistiques

Statistiques générales
  • Ce quiz a été pris 2 426 fois
    217 depuis la dernière actualisation
  • Le résultat moyen est 17 sur 44
Statistiques - réponses
Evenement Date % Correct
Début du génocide Arménien (A) 1915
77%
Hitler nommé chancelier (A) 1933
68%
Hitler au pouvoir (A) 1934
61%
Staline arrive au pouvoir (A) 1924
57%
Fin de la Première Guerre mondiale (J/M/A) 11 novembre 1918
55%
Lois de Nuremberg (A) 1935
51%
Gouvernement Blum début (A) 1936
48%
Révolution russe (M/A) fevrier 1917
48%
Droit au vote pour les femmes (A) 1944
46%
Effondrement du mur de Berlin (A) 1989
45%
Début de la guerre froide (A) 1947
42%
Fin de la guerre d'Algérie (Accords d'Evian) (A) 1962
42%
Fin de la 2eme G.M. en Europe (M/A) mai 1945
42%
Invasion de la Pologne (M/A) septembre 1939
42%
Réarmement intense de l'Allemagne (A) 1936
41%
Dissolution de l'URSS (A) 1991
41%
Discours de Gaulle en Angleterre (J/M/A) 18 juin 1940
40%
Création de l'ONU (A) 1945
40%
Début de la guerre d'Algérie (A) 1954
39%
Naissance de la 5eme République (A) 1958
38%
Fin de la guerre froide (A) 1989
38%
Mise en circulation de l’euro (A) 2002
38%
Débarquement en Normandie (J/M/A) 6 juin 1944
38%
Grande terreur début (A) 1936
37%
Grande terreur fin (A) 1938
36%
Signature du traité de Maastricht (A) 1992
36%
Construction du mur de Berlin (A) 1961
35%
Blocus de Berlin (A) 1948
34%
Traité de Rome (A) 1957
34%
Début de la Première Guerre mondial (J/M/A) 28 juillet 1914
31%
Création de la communauté du charbon et de l'acier (CECA) (A) 1951
30%
Droit à l'avortement (A) 1975
30%
Fin de la 2eme G.M. (J/M/A) 2 septembre 1945
29%
Traité de Versailles (J/M/A) 28 juin 1919
27%
Libération de Paris (M/A) aout 1944
27%
Pétain demande l'armistice face à l'Allemagne (J/M/A) 17 juin 1940
26%
Le président est voté avec le suffrage universel direct (A) 1962
26%
Création du SMIC (A) 1970
23%
Droit au vote pour les 18 ans (A) 1974
23%
Fin de la guerre de Stalingrad (M/A) fevrier 1943
23%
Début de la guerre de Stalingrad (M/A) juillet 1942
21%
Conférence de Wansee (M/A) janvier 1942
19%
Manifestation des jeunes dans les quartiers de France (M/A) mai 1968
19%
Manifestation des ligues (J/M/A) 6 fevrier 1934
11%
Aucun quiz correspondant
Distribution des résultats
% des personnes avec chaque résultat
Percentile par nombre de réponses
Votre historique - résultats
Vous n’avez pas pris ce quiz depuis la dernière actualisation